| 000 | 00999nam a2200193 4500 | ||
|---|---|---|---|
| 001 | 1542 | ||
| 005 | 20230411085949.0 | ||
| 008 | 060907n2000 dr spa | ||
| 020 | _a9978961313 | ||
| 035 | _9funglode1549 | ||
| 041 | _aES | ||
| 100 | _aGuzmán C., Marco A | ||
| 245 | 1 |
_aRealidad nacional, descentralización y autonomías / _cMarco A. Guzmán C |
|
| 260 |
_aQuito : _bCorporación de Estudios para el Desarrollo - CORDES, _c2000 |
||
| 300 | _a93 p. | ||
| 440 |
_aCuadernos sobre descentralización ; _v1 |
||
| 520 | _aRealidad nacional, descentralización, autonomías regionales o provinciales, 5. -- Visión general, 11. -- Conceptos generales y aspiraciones políticas frente a realidades, 19. -- Análisis de ciertas características específicas de la realidad ecuatoriana, 27. -- El drama de la miseria y la pobreza en cantones y provincias periféricos, 39. -- Elementos que resulta indispensable considerar para la búsqueda de soluciones, 51 | ||
| 942 |
_2lcc _cbk |
||
| 999 |
_c110112 _d110112 |
||